000 01062nam a2200193Ii 4500
003 JO-AjNU
008 230605s9999||||xx |||||||||||||| ||und||
040 _aJO-AjNU
_bara
_erda
_cJO-AjNU
041 _aara
050 1 4 _aBP80.D84.A43.1994
100 3 _aالعجمي، محمد بن ناصر,
_eauthor
_943691
245 0 0 _aعلامة الكويت الشيخ عبد الله الخلف الدحيان :حياته ومراسلاته العلمية وآثاره
264 3 1 _aالمنصورية:مركز البحوث والدراسات الكويتية،1994
300 _a457ص
_bفهرس الآيات القرآنية من ص399-ص401 ، فهرس الاحاديث النبوية من ص403-ص404-فهرس الاعلام من ص405-421-فهرس البلدان من ص423-ص426-فهرس الكتب من ص427-ص432
336 _atext
_btxt
_2rdacontent
337 _aunmediated
_bn
_2rdamedia
338 _avolume
_bnc
_2rdacarrier
650 4 _aالفقهاء المسلمون-العلماء-الكويت-تراجم-دحيان،عبد الله الخلف
_943692
999 _aA18801
_c22369
_d22369